| 000 | 00772nab a2200205 4500 | ||
|---|---|---|---|
| 001 | 244442 | ||
| 003 | OSt | ||
| 005 | 20251105134226.0 | ||
| 007 | tu | ||
| 008 | 200917s2020||||||| | ||
| 040 |
_aDE-2950 _cDE-2950 |
||
| 245 | 0 | 0 |
_a"So geht es nicht weiter" _bStadtpolitik. In einem offenen Brief rechnet der Stadtverordnete Peter Wolff mit seiner Partei ab. Er wirft der CDU unter anderem vor, die gesellschaftliche Mitte aus dem Blick verloren zu haben. Kritik an Stillstand, Sprachlosigkeit und Brandmauer/ _cHeinz Kannenberg |
| 264 | _c2025 | ||
| 653 | _aFrankfurt (Oder) | ||
| 653 | _aStadtpolitik | ||
| 653 | _aPeter Wolff | ||
| 653 | _aCDU-Kritik | ||
| 773 | 0 |
_g36. Jahrgang (2025) Nr. 253 vom 30.10.2025, S. 16 mit Foto _tMärkische Oderzeitung |
|
| 942 |
_2z _cA |
||
| 999 |
_c374098 _d374098 |
||